| 000 | 00566cam a2200217ua 4500 | ||
|---|---|---|---|
| 020 |
_a0 07 114309 2 _c$ 11.50 |
||
| 041 |
_aben _h |
||
| 082 |
_a004 _bHAM/CO |
||
| 100 | _aHamacher, Carl V. . | ||
| 245 |
_aComputer organization / _cV.Carl Hamacher. _hTextual Documents |
||
| 250 |
_a4 / _b. |
||
| 260 |
_aNew York : _bMcGraw Hill Book Company , _c1996. |
||
| 300 | _a555 ; . | ||
| 365 | _a$ 11.50 | ||
| 500 | _a19147 CSS | ||
| 504 | _a | ||
| 700 | 1 | _aVranesic, Zvonko G. . | |
| 700 | 1 | _aZaky, Safawat G. . | |
| 942 | _cBK | ||
| 999 |
_c2989 _d2989 |
||